000 00461nam a2200169Ia 4500
008 140527s9999 xx 000 0 und d
020 _a9780205857258
050 _aHM 1221
_b.T55 2013
245 _aThink public relations /
_cDennis L. Wilcox ... [et al.]
250 _a2013 ed.
260 _aBoston :
_bPearson,
_cc2013.
300 _a400 p. :
_bcol. ill. ;
_c28 cm.
500 _aIncludes index.
521 _aMC
942 _kFOR
_cBK
999 _c117454
_d117454